000 00470nam a2200205Ia 4500
999 _c25977
_d25977
003 0100
005 20170427153732.0
008 130303s9999 xx 000 0 und d
020 _a0949932000
040 _cARRUPELIB
050 _aDT962.75M37 1981
100 _aMartin, David
_929948
245 4 _aThe Struggle for Zimbabwe
245 _bthe chimurenga war
260 _bZimbabwe Publishing House
_aHarare
_c1981
300 _a378p.
300 _b 20cm.
650 _aZimbabwe
_xHistory
_910314
650 _aZimbabwe African National Union
_929362
650 _aNational liberation movements
_xZimbabwe
_929949
942 0 0 _03
_2lcc
_cMONOGRAPH